000 00883cab a2200265 4500
001 ABS54736
008 090401t1996 xxu||||| |||| 00| 0 eng d
035 _a(Sirsi) u12059
041 _aeng
100 _aWells, A.
245 _aCity money
260 _c1996
350 _a0
490 _aHousing
_v32(3) April 1996, 26-27(2)
520 _aInstitutional investors Scottish Amicable and Roche Pharmaceutical Pension Funds are showing interest in social housing initiatives through creating long term leases to housing associations for renting or shared ownership schemes.
650 _aHOUSING ASSOCIATIONS
650 _aINSTITUTIONAL INVESTMENT
650 _aPRIVATE RENTED SECTOR
650 _aSHARED OWNERSHIP
650 _aSOCIAL HOUSING
690 _aPROPERTY-PROPERTY FINANCE AND INVESTMENT
690 _aHOUSING-FINANCE
942 _n0
948 _c04/03/1997
999 _c7713
_d7713